Cambridge Handbook of Psychology,Health and Medicine: (Record no. 4767)

MARC details
000 -LEADER
fixed length control field 00592nam a22002057a 4500
003 - CONTROL NUMBER IDENTIFIER
control field OSt
005 - DATE AND TIME OF LATEST TRANSACTION
control field 20160718133602.0
008 - FIXED-LENGTH DATA ELEMENTS--GENERAL INFORMATION
fixed length control field 160718b xxu||||| |||| 00| 0 eng d
020 ## - INTERNATIONAL STANDARD BOOK NUMBER
International Standard Book Number 0521436869
040 ## - CATALOGING SOURCE
Transcribing agency DNLM.
082 ## - DEWEY DECIMAL CLASSIFICATION NUMBER
Classification number WB39C354 1997.
100 ## - MAIN ENTRY--PERSONAL NAME
Personal name Edited by Baum,Andrew;[et....al]
9 (RLIN) 10257
245 ## - TITLE STATEMENT
Title Cambridge Handbook of Psychology,Health and Medicine:
260 ## - PUBLICATION, DISTRIBUTION, ETC. (IMPRINT)
Place of publication, distribution, etc. Uk.
Name of publisher, distributor, etc. Cambridge University Press.
Date of publication, distribution, etc. 1997.
300 ## - PHYSICAL DESCRIPTION
Extent xvii,660p;
Other physical details ill:
Dimensions 28cm.
504 ## - BIBLIOGRAPHY, ETC. NOTE
Bibliography, etc includes index.
650 ## - SUBJECT ADDED ENTRY--TOPICAL TERM
Topical term or geographic name as entry element Physchology,
9 (RLIN) 10258
650 ## - SUBJECT ADDED ENTRY--TOPICAL TERM
Topical term or geographic name as entry element Health and medicine.
9 (RLIN) 10259
942 ## - ADDED ENTRY ELEMENTS (KOHA)
Source of classification or shelving scheme Other/Generic Classification Scheme
Koha item type Open Shelf
Holdings
Withdrawn status Lost status Source of classification or shelving scheme Damaged status Not for loan Home library Current library Date acquired Source of acquisition Inventory number Total Checkouts Full call number Barcode Date last seen Price effective from Koha item type
    Other/Generic Classification Scheme     MUST Main Library MUST Main Library 18/07/2016   03/18512   WB39C354 1997. 2016-3237 18/07/2016 18/07/2016 Open Shelf
    Other/Generic Classification Scheme     MUST Main Library MUST Main Library 18/07/2016   15372   WB39C354 1997. 2016-3238 18/07/2016 18/07/2016 Open Shelf